[Event "DVM U16w 2024"]
[Site "Neumünster GER"]
[Date "2024.12.28"]
[Round "4"]
[White "Blome, Antonia"]
[Black "Dong, Beicen"]
[Result "1-0"]
[Termination "normal"]
[Board "6.4"]
[WhiteElo "1228"]
[BlackElo "1052"]
[WhiteClock "00:06:44"]
[BlackClock "00:14:41"]
[WhiteTeam "Hamburger SK 1830"]
[BlackTeam "SchachAkademiePaderborn"]
[PlyCount "89"]
[WhiteFideId "34630090"]
[BlackFideId "34682546"]
[EventCountry "GER"]
[EventRounds "7"]
[EventType "team-swiss"]
[EventDate "2024.12.26"]

1. e4 {[%clk 01:30:58]} {[%emt 00:00:01]} e6 {[%clk 01:30:50]} {[%emt
00:00:11]} 2. d4 {[%emt 00:00:11]} d5 {[%clk 01:31:15]} {[%emt 00:00:04]} 3. e5
{[%clk 01:31:41]} {[%emt 00:00:07]} c5 {[%clk 01:31:40]} {[%emt 00:00:05]} 4.
c3 {[%clk 01:32:02]} {[%emt 00:00:08]} Qb6 {[%clk 01:32:02]} {[%emt 00:00:09]}
5. a3 {[%clk 01:32:20]} {[%emt 00:00:11]} a5 {[%clk 01:31:37]} {[%emt
00:00:56]} 6. Nf3 {[%clk 01:30:33]} {[%emt 00:02:17]} Nc6 {[%clk 01:31:08]}
{[%emt 00:00:59]} 7. Be2 {[%clk 01:29:21]} {[%emt 00:01:41]} cxd4 {[%clk
01:30:35]} {[%emt 00:01:04]} 8. cxd4 {[%clk 01:28:48]} {[%emt 00:01:03]} Nge7
{[%clk 01:30:22]} {[%emt 00:00:43]} 9. Nc3 {[%clk 01:27:11]} {[%emt 00:02:07]}
Nf5 {[%clk 01:29:50]} {[%emt 00:01:02]} 10. Bb5 {[%clk 01:26:12]} {[%emt
00:01:29]} Bd7 {[%clk 01:29:12]} {[%emt 00:01:08]} 11. Bxc6 {[%clk 01:23:10]}
{[%emt 00:03:32]} Bxc6 {[%clk 01:28:38]} {[%emt 00:01:04]} 12. O-O {[%clk
01:19:05]} {[%emt 00:04:35]} Be7 {[%clk 01:27:33]} {[%emt 00:01:35]} 13. Rb1
{[%clk 01:18:18]} {[%emt 00:01:16]} O-O {[%clk 01:18:14]} {[%emt 00:09:50]} 14.
Bf4 {[%clk 01:17:25]} {[%emt 00:01:23]} Rac8 {[%clk 01:14:25]} {[%emt
00:04:19]} 15. Qd2 {[%clk 01:09:35]} {[%emt 00:08:19]} f6 {[%clk 01:02:58]}
{[%emt 00:11:57]} 16. Rfd1 {[%clk 01:05:15]} {[%emt 00:04:50]} Be8 {[%clk
00:58:39]} {[%emt 00:04:50]} 17. h3 {[%clk 00:57:31]} {[%emt 00:08:13]} fxe5
{[%clk 00:52:11]} {[%emt 00:06:57]} 18. Bxe5 {[%clk 00:55:33]} {[%emt
00:02:28]} Bg6 {[%clk 00:49:54]} {[%emt 00:02:49]} 19. Rbc1 {[%clk 00:50:40]}
{[%emt 00:05:23]} Nh4 {[%clk 00:47:09]} {[%emt 00:03:14]} 20. Nxh4 {[%clk
00:47:09]} {[%emt 00:04:02]} Bxh4 {[%clk 00:46:17]} {[%emt 00:01:21]} 21. Rf1
{[%clk 00:41:57]} {[%emt 00:05:42]} Qa6 {[%clk 00:44:35]} {[%emt 00:02:13]} 22.
g3 {[%clk 00:37:23]} {[%emt 00:05:03]} Be7 {[%clk 00:44:08]} {[%emt 00:00:58]}
23. Ne2 {[%clk 00:34:36]} {[%emt 00:03:16]} Bd3 {[%clk 00:42:39]} {[%emt
00:01:59]} 24. Rfe1 {[%clk 00:33:46]} {[%emt 00:01:20]} Rxc1 {[%clk 00:42:44]}
{[%emt 00:00:25]} 25. Nxc1 {[%clk 00:34:00]} {[%emt 00:00:16]} Bf5 {[%clk
00:36:45]} {[%emt 00:06:29]} 26. Kh2 {[%clk 00:32:18]} {[%emt 00:02:12]} b5
{[%clk 00:33:08]} {[%emt 00:04:08]} 27. Qe2 {[%clk 00:31:17]} {[%emt 00:01:26]}
Be4 {[%clk 00:32:50]} {[%emt 00:00:52]} 28. f4 {[%clk 00:28:21]} {[%emt
00:03:27]} Rc8 {[%clk 00:31:52]} {[%emt 00:01:22]} 29. Qe3 {[%clk 00:27:46]}
{[%emt 00:01:11]} b4 {[%clk 00:28:23]} {[%emt 00:03:59]} 30. a4 {[%clk
00:23:24]} {[%emt 00:04:51]} b3 {[%clk 00:26:25]} {[%emt 00:02:29]} 31. Nxb3
{[%clk 00:17:05]} {[%emt 00:06:48]} Rc2+ {[%clk 00:21:30]} {[%emt 00:05:25]}
32. Nd2 {[%clk 00:16:25]} {[%emt 00:01:11]} Bb4 {[%clk 00:17:23]} {[%emt
00:04:37]} 33. Re2 {[%clk 00:13:43]} {[%emt 00:03:11]} Qxe2+ {[%clk 00:16:37]}
{[%emt 00:01:14]} 34. Qxe2 {[%clk 00:12:49]} {[%emt 00:01:27]} Rxd2 {[%clk
00:16:49]} {[%emt 00:00:17]} 35. Qxd2 {[%clk 00:13:11]} {[%emt 00:00:09]} Bxd2
{[%clk 00:17:15]} {[%emt 00:00:04]} 36. Bd6 {[%clk 00:13:11]} {[%emt 00:00:30]}
Bc2 {[%clk 00:17:09]} {[%emt 00:00:36]} 37. Kg2 {[%clk 00:13:14]} {[%emt
00:00:27]} Bxa4 {[%clk 00:17:26]} {[%emt 00:00:13]} 38. Kf2 {[%clk 00:13:13]}
{[%emt 00:00:31]} Bb5 {[%clk 00:17:24]} {[%emt 00:00:32]} 39. Kf3 {[%clk
00:13:05]} {[%emt 00:00:38]} Kf7 {[%clk 00:17:26]} {[%emt 00:00:28]} 40. h4
{[%clk 00:12:41]} {[%emt 00:00:53]} Bc1 {[%clk 00:17:33]} {[%emt 00:00:24]} 41.
Ba3 {[%clk 00:12:49]} {[%emt 00:00:22]} Kf6 {[%clk 00:16:53]} {[%emt 00:01:09]}
42. g4 {[%clk 00:12:21]} {[%emt 00:00:58]} h6 {[%clk 00:15:31]} {[%emt
00:01:53]} 43. h5 {[%clk 00:12:35]} {[%emt 00:00:15]} g5 {[%clk 00:14:52]}
{[%emt 00:01:09]} 44. fxg5+ {[%clk 00:06:44]} {[%emt 00:06:21]} Kxg5 {[%clk
00:14:41]} {[%emt 00:00:41]} 45. Be7# {[%emt 00:00:47]} 1-0

[Event "DVM U16w 2024"]
[Site "Neumünster GER"]
[Date "2024.12.28"]
[Round "4"]
[White "Huber, Laura"]
[Black "Stepanjan, Marianne"]
[Result "1/2-1/2"]
[Termination "normal"]
[Board "7.1"]
[WhiteElo "1679"]
[BlackElo "1779"]
[WhiteClock "00:23:26"]
[BlackClock "00:15:39"]
[WhiteTeam "FC Bayern München 2"]
[BlackTeam "TuRa Harksheide 1945 Norderstedt"]
[PlyCount "52"]
[WhiteFideId "16270940"]
[BlackFideId "16246110"]
[EventCountry "GER"]
[EventRounds "7"]
[EventType "team-swiss"]
[EventDate "2024.12.26"]

1. e4 {[%clk 01:30:58]} {[%emt 00:00:01]} c5 {[%clk 01:30:56]} {[%emt
00:00:04]} 2. Nc3 {[%clk 01:31:21]} {[%emt 00:00:07]} Nc6 {[%clk 01:31:23]}
{[%emt 00:00:04]} 3. f4 {[%clk 01:31:44]} {[%emt 00:00:07]} g6 {[%clk
01:31:48]} {[%emt 00:00:05]} 4. Nf3 {[%clk 01:31:24]} {[%emt 00:00:50]} Bg7
{[%clk 01:32:13]} {[%emt 00:00:05]} 5. d3 {[%clk 01:29:11]} {[%emt 00:02:43]}
e6 {[%clk 01:31:14]} {[%emt 00:01:28]} 6. g3 {[%clk 01:28:52]} {[%emt
00:00:48]} Nge7 {[%clk 01:29:09]} {[%emt 00:02:35]} 7. Bg2 {[%clk 01:29:02]}
{[%emt 00:00:21]} O-O {[%clk 01:28:32]} {[%emt 00:01:06]} 8. O-O {[%clk
01:28:24]} {[%emt 00:01:08]} d5 {[%clk 01:24:02]} {[%emt 00:05:01]} 9. Qe1
{[%clk 01:24:03]} {[%emt 00:04:51]} a6 {[%clk 01:19:46]} {[%emt 00:04:46]} 10.
g4 {[%clk 01:21:13]} {[%emt 00:03:19]} f5 {[%clk 00:58:12]} {[%emt 00:22:05]}
11. g5 {[%clk 01:07:21]} {[%emt 00:14:22]} Nd4 {[%clk 00:53:36]} {[%emt
00:05:06]} 12. Nxd4 {[%clk 01:03:02]} {[%emt 00:04:49]} Bxd4+ {[%clk 00:51:48]}
{[%emt 00:02:18]} 13. Kh1 {[%clk 01:02:27]} {[%emt 00:01:06]} dxe4 {[%clk
00:44:45]} {[%emt 00:07:33]} 14. dxe4 {[%clk 01:02:05]} {[%emt 00:00:52]} Rb8
{[%clk 00:43:00]} {[%emt 00:02:15]} 15. e5 {[%clk 00:56:22]} {[%emt 00:06:13]}
b5 {[%clk 00:35:20]} {[%emt 00:08:09]} 16. Ne2 {[%clk 00:48:28]} {[%emt
00:08:23]} c4 {[%clk 00:31:09]} {[%emt 00:04:41]} 17. Nxd4 {[%clk 00:45:59]}
{[%emt 00:02:59]} Qxd4 {[%clk 00:30:52]} {[%emt 00:00:47]} 18. c3 {[%clk
00:40:03]} {[%emt 00:06:26]} Qd7 {[%clk 00:26:52]} {[%emt 00:04:30]} 19. Be3
{[%clk 00:36:24]} {[%emt 00:04:08]} Bb7 {[%clk 00:24:14]} {[%emt 00:03:09]} 20.
Rd1 {[%clk 00:32:25]} {[%emt 00:04:29]} Bxg2+ {[%clk 00:23:55]} {[%emt
00:00:49]} 21. Kxg2 {[%clk 00:32:33]} {[%emt 00:00:23]} Qb7+ {[%clk 00:23:43]}
{[%emt 00:00:42]} 22. Kg3 {[%clk 00:32:08]} {[%emt 00:00:55]} Nd5 {[%clk
00:22:41]} {[%emt 00:01:32]} 23. Bc5 {[%clk 00:30:50]} {[%emt 00:01:49]} Rf7
{[%clk 00:22:05]} {[%emt 00:01:05]} 24. Bd6 {[%clk 00:30:11]} {[%emt 00:01:09]}
Rd8 {[%clk 00:20:04]} {[%emt 00:02:31]} 25. a3 {[%clk 00:24:30]} {[%emt
00:06:11]} h6 {[%clk 00:16:55]} {[%emt 00:03:39]} 26. h4 {[%clk 00:23:26]}
{[%emt 00:01:34]} h5 {[%clk 00:15:39]} {[%emt 00:01:46]} 1/2-1/2

[Event "DVM U16w 2024"]
[Site "Neumünster GER"]
[Date "2024.12.28"]
[Round "4"]
[White "Petrosyan, Ani"]
[Black "Grunert, Greta"]
[Result "1-0"]
[Termination "normal"]
[Board "7.2"]
[WhiteElo "1683"]
[BlackElo "1595"]
[WhiteClock "01:11:59"]
[BlackClock "00:07:03"]
[WhiteTeam "TuRa Harksheide 1945 Norderstedt"]
[BlackTeam "FC Bayern München 2"]
[PlyCount "71"]
[WhiteFideId "16248015"]
[BlackFideId "16258649"]
[EventCountry "GER"]
[EventRounds "7"]
[EventType "team-swiss"]
[EventDate "2024.12.26"]

1. Nf3 {[%clk 01:30:55]} {[%emt 00:00:03]} d5 {[%clk 01:30:48]} {[%emt
00:00:13]} 2. g3 {[%clk 01:31:07]} {[%emt 00:00:17]} c6 {[%clk 01:31:03]}
{[%emt 00:00:16]} 3. Bg2 {[%clk 01:31:32]} {[%emt 00:00:05]} Nf6 {[%clk
01:30:36]} {[%emt 00:00:58]} 4. O-O {[%clk 01:31:54]} {[%emt 00:00:07]} Bf5
{[%clk 01:29:32]} {[%emt 00:01:33]} 5. d3 {[%clk 01:31:58]} {[%emt 00:00:28]}
e6 {[%clk 01:28:47]} {[%emt 00:01:15]} 6. Nbd2 {[%clk 01:31:52]} {[%emt
00:00:36]} Bd6 {[%clk 01:28:11]} {[%emt 00:01:06]} 7. c4 {[%clk 01:32:12]}
{[%emt 00:00:10]} O-O {[%clk 01:26:18]} {[%emt 00:02:23]} 8. b3 {[%clk
01:31:59]} {[%emt 00:00:43]} Nbd7 {[%clk 01:24:14]} {[%emt 00:02:34]} 9. Bb2
{[%clk 01:28:49]} {[%emt 00:03:40]} c5 {[%clk 01:18:17]} {[%emt 00:06:27]} 10.
Nh4 {[%clk 01:27:48]} {[%emt 00:01:30]} Bg6 {[%clk 01:17:31]} {[%emt 00:01:16]}
11. Nxg6 {[%clk 01:28:02]} {[%emt 00:00:17]} hxg6 {[%clk 01:17:30]} {[%emt
00:00:31]} 12. cxd5 {[%clk 01:28:05]} {[%emt 00:00:27]} exd5 {[%clk 01:15:21]}
{[%emt 00:02:39]} 13. Rc1 {[%clk 01:27:17]} {[%emt 00:01:18]} Rc8 {[%clk
01:08:29]} {[%emt 00:07:22]} 14. d4 {[%clk 01:26:03]} {[%emt 00:01:44]} b6
{[%clk 01:01:14]} {[%emt 00:07:45]} 15. dxc5 {[%clk 01:24:49]} {[%emt
00:01:43]} bxc5 {[%clk 01:00:14]} {[%emt 00:01:31]} 16. Nb1 {[%clk 01:24:10]}
{[%emt 00:01:08]} d4 {[%clk 00:56:47]} {[%emt 00:03:58]} 17. e3 {[%clk
01:23:17]} {[%emt 00:01:23]} dxe3 {[%clk 00:50:09]} {[%emt 00:07:08]} 18. Qxd6
{[%clk 01:22:36]} {[%emt 00:01:11]} exf2+ {[%clk 00:49:26]} {[%emt 00:01:13]}
19. Rxf2 {[%clk 01:22:49]} {[%emt 00:00:18]} Re8 {[%clk 00:45:13]} {[%emt
00:04:42]} 20. Rd1 {[%clk 01:22:20]} {[%emt 00:00:59]} Qe7 {[%clk 00:28:09]}
{[%emt 00:17:34]} 21. Qxe7 {[%clk 01:18:50]} {[%emt 00:04:00]} Rxe7 {[%clk
00:28:14]} {[%emt 00:00:24]} 22. Na3 {[%clk 01:17:30]} {[%emt 00:01:50]} Nb6
{[%clk 00:21:27]} {[%emt 00:07:17]} 23. Bxf6 {[%emt 00:02:34]} gxf6 {[%clk
00:21:31]} {[%emt 00:00:24]} 24. Rxf6 {[%clk 01:15:27]} {[%emt 00:00:32]} Re2
{[%clk 00:21:45]} {[%emt 00:00:15]} 25. Rf2 {[%clk 01:15:41]} {[%emt 00:00:16]}
Rce8 {[%clk 00:21:00]} {[%emt 00:01:15]} 26. Kf1 {[%clk 01:15:13]} {[%emt
00:00:59]} Rxf2+ {[%clk 00:18:33]} {[%emt 00:02:56]} 27. Kxf2 {[%clk 01:15:37]}
{[%emt 00:00:06]} Kg7 {[%clk 00:15:27]} {[%emt 00:03:36]} 28. Nb5 {[%clk
01:15:21]} {[%emt 00:00:46]} Re7 {[%clk 00:13:34]} {[%emt 00:02:21]} 29. a4
{[%clk 01:10:18]} {[%emt 00:05:35]} c4 {[%clk 00:06:52]} {[%emt 00:07:11]} 30.
a5 {[%clk 01:09:55]} {[%emt 00:00:53]} a6 {[%clk 00:06:16]} {[%emt 00:01:07]}
31. axb6 {[%clk 01:10:03]} {[%emt 00:00:22]} axb5 {[%clk 00:06:34]} {[%emt
00:00:11]} 32. b7 {[%clk 01:10:26]} {[%emt 00:00:08]} Re8 {[%clk 00:06:41]}
{[%emt 00:00:24]} 33. bxc4 {[%clk 01:10:48]} {[%emt 00:00:08]} bxc4 {[%clk
00:07:00]} {[%emt 00:00:11]} 34. Rc1 {[%clk 01:11:11]} {[%emt 00:00:06]} Kf6
{[%clk 00:06:47]} {[%emt 00:00:43]} 35. Rxc4 {[%clk 01:11:36]} {[%emt
00:00:06]} Rb8 {[%clk 00:07:03]} {[%emt 00:00:14]} 36. Rc8 {[%clk 01:11:59]}
{[%emt 00:00:07]} 1-0

[Event "DVM U16w 2024"]
[Site "Neumünster GER"]
[Date "2024.12.28"]
[Round "4"]
[White "Grey, Paula"]
[Black "Striebeck, Liv"]
[Result "1-0"]
[Termination "normal"]
[Board "7.3"]
[WhiteElo "1221"]
[BlackElo "1448"]
[WhiteClock "00:58:33"]
[BlackClock "00:12:55"]
[WhiteTeam "FC Bayern München 2"]
[BlackTeam "TuRa Harksheide 1945 Norderstedt"]
[PlyCount "67"]
[WhiteFideId "34630180"]
[BlackFideId "16275438"]
[EventCountry "GER"]
[EventRounds "7"]
[EventType "team-swiss"]
[EventDate "2024.12.26"]

1. e4 {[%clk 01:30:57]} {[%emt 00:00:02]} e5 {[%clk 01:30:56]} {[%emt
00:00:04]} 2. Nf3 {[%clk 01:31:18]} {[%emt 00:00:08]} Nc6 {[%clk 01:31:20]}
{[%emt 00:00:06]} 3. Bc4 {[%clk 01:31:38]} {[%emt 00:00:10]} Bc5 {[%clk
01:31:30]} {[%emt 00:00:21]} 4. Nc3 {[%clk 01:31:36]} {[%emt 00:00:32]} Nf6
{[%clk 01:31:53]} {[%emt 00:00:06]} 5. d3 {[%clk 01:31:49]} {[%emt 00:00:17]}
d6 {[%clk 01:32:17]} {[%emt 00:00:06]} 6. Bg5 {[%clk 01:32:01]} {[%emt
00:00:17]} h6 {[%clk 01:32:03]} {[%emt 00:00:45]} 7. Bh4 {[%clk 01:31:34]}
{[%emt 00:00:56]} g5 {[%clk 01:30:33]} {[%emt 00:02:00]} 8. Bg3 {[%clk
01:31:09]} {[%emt 00:00:55]} Qe7 {[%clk 01:28:51]} {[%emt 00:02:14]} 9. h3
{[%clk 01:30:55]} {[%emt 00:00:42]} Be6 {[%clk 01:29:01]} {[%emt 00:00:20]} 10.
Nd5 {[%clk 01:30:35]} {[%emt 00:00:49]} Bxd5 {[%clk 01:29:11]} {[%emt
00:00:21]} 11. exd5 {[%clk 01:30:32]} {[%emt 00:00:33]} Nb4 {[%clk 01:29:14]}
{[%emt 00:00:28]} 12. Bb5+ {[%clk 01:29:10]} {[%emt 00:01:51]} c6 {[%clk
01:22:49]} {[%emt 00:06:56]} 13. dxc6 {[%clk 01:29:09]} {[%emt 00:00:31]} bxc6
{[%clk 01:23:05]} {[%emt 00:00:14]} 14. Ba4 {[%clk 01:27:56]} {[%emt 00:01:42]}
Rc8 {[%clk 01:21:35]} {[%emt 00:02:00]} 15. a3 {[%clk 01:26:49]} {[%emt
00:01:38]} Nbd5 {[%clk 01:20:39]} {[%emt 00:01:25]} 16. O-O {[%clk 01:25:04]}
{[%emt 00:02:14]} O-O {[%clk 01:18:34]} {[%emt 00:02:35]} 17. Re1 {[%clk
01:23:31]} {[%emt 00:02:03]} Qb7 {[%clk 01:16:26]} {[%emt 00:02:39]} 18. b4
{[%clk 01:21:32]} {[%emt 00:02:29]} Bxf2+ {[%clk 01:10:49]} {[%emt 00:06:07]}
19. Bxf2 {[%clk 01:20:41]} {[%emt 00:01:21]} Nc3 {[%clk 01:11:11]} {[%emt
00:00:09]} 20. Qd2 {[%clk 01:17:42]} {[%emt 00:03:28]} Nxa4 {[%clk 01:11:34]}
{[%emt 00:00:08]} 21. Nxg5 {[%clk 01:17:42]} {[%emt 00:00:29]} Kg7 {[%clk
00:56:36]} {[%emt 00:15:28]} 22. Nf3 {[%clk 01:14:13]} {[%emt 00:03:59]} Rh8
{[%clk 00:55:53]} {[%emt 00:01:13]} 23. Nh4 {[%clk 01:12:33]} {[%emt 00:02:10]}
Kf8 {[%clk 00:49:50]} {[%emt 00:06:34]} 24. Nf5 {[%clk 01:11:56]} {[%emt
00:01:06]} Qd7 {[%clk 00:48:16]} {[%emt 00:02:02]} 25. Nxh6 {[%clk 01:10:54]}
{[%emt 00:01:34]} a6 {[%clk 00:36:53]} {[%emt 00:11:54]} 26. Bh4 {[%clk
01:09:12]} {[%emt 00:02:11]} Qe6 {[%clk 00:32:29]} {[%emt 00:04:54]} 27. Rf1
{[%clk 01:07:15]} {[%emt 00:02:27]} Qd5 {[%clk 00:17:20]} {[%emt 00:15:38]} 28.
Bxf6 {[%clk 01:04:49]} {[%emt 00:02:56]} Qd4+ {[%clk 00:16:37]} {[%emt
00:01:14]} 29. Kh2 {[%clk 01:04:10]} {[%emt 00:01:09]} Rh7 {[%clk 00:16:14]}
{[%emt 00:00:54]} 30. Qg5 {[%clk 01:02:26]} {[%emt 00:02:14]} Rxh6 {[%clk
00:12:53]} {[%emt 00:03:51]} 31. Qxh6+ {[%clk 01:01:22]} {[%emt 00:01:34]} Ke8
{[%clk 00:13:00]} {[%emt 00:00:22]} 32. Qh8+ {[%clk 00:59:55]} {[%emt
00:01:57]} Kd7 {[%clk 00:13:20]} {[%emt 00:00:09]} 33. Qg7 {[%clk 00:59:26]}
{[%emt 00:00:59]} Qd5 {[%clk 00:12:55]} {[%emt 00:00:55]} 34. Bg5 {[%clk
00:58:33]} {[%emt 00:01:22]} 1-0

[Event "DVM U16w 2024"]
[Site "Neumünster GER"]
[Date "2024.12.28"]
[Round "4"]
[White "Reimann, Tjara-Marie"]
[Black "Mauhs, Helena"]
[Result "0-1"]
[Termination "normal"]
[Board "7.4"]
[WhiteElo "980"]
[BlackElo "1249"]
[WhiteClock "01:16:38"]
[BlackClock "01:13:06"]
[WhiteTeam "TuRa Harksheide 1945 Norderstedt"]
[BlackTeam "FC Bayern München 2"]
[PlyCount "38"]
[BlackFideId "34630279"]
[EventCountry "GER"]
[EventRounds "7"]
[EventType "team-swiss"]
[EventDate "2024.12.26"]

1. e4 {[%clk 01:30:59]} {[%emt 01:04:21]} e5 {[%clk 01:30:53]} {[%emt
00:00:07]} 2. Nf3 {[%clk 01:31:23]} {[%emt 00:00:07]} Nc6 {[%clk 01:31:19]}
{[%emt 00:00:04]} 3. Bc4 {[%clk 01:31:46]} {[%emt 00:00:07]} Nf6 {[%clk
01:31:43]} {[%emt 00:00:06]} 4. Nc3 {[%clk 01:32:09]} {[%emt 00:00:07]} Bc5
{[%clk 01:31:44]} {[%emt 00:00:29]} 5. d3 {[%clk 01:32:30]} {[%emt 00:00:08]}
d6 {[%clk 01:31:51]} {[%emt 00:00:23]} 6. Bg5 {[%clk 01:31:40]} {[%emt
00:01:20]} h6 {[%clk 01:32:14]} {[%emt 00:00:08]} 7. Bxf6 {[%clk 01:30:47]}
{[%emt 00:01:22]} Qxf6 {[%clk 01:32:29]} {[%emt 00:00:15]} 8. Nd5 {[%clk
01:31:08]} {[%emt 00:00:09]} Qd8 {[%clk 01:32:08]} {[%emt 00:00:49]} 9. h3
{[%clk 01:30:59]} {[%emt 00:00:41]} O-O {[%clk 01:31:53]} {[%emt 00:00:45]} 10.
Qd2 {[%clk 01:28:39]} {[%emt 00:02:50]} Be6 {[%clk 01:26:49]} {[%emt 00:05:32]}
11. g4 {[%clk 01:25:41]} {[%emt 00:03:31]} Bxd5 {[%clk 01:21:14]} {[%emt
00:06:05]} 12. Bxd5 {[%clk 01:25:26]} {[%emt 00:00:44]} Qf6 {[%clk 01:19:22]}
{[%emt 00:02:17]} 13. Bxc6 {[%clk 01:21:05]} {[%emt 00:04:57]} Qxf3 {[%clk
01:18:09]} {[%emt 00:01:43]} 14. Rg1 {[%clk 01:15:54]} {[%emt 00:05:42]} bxc6
{[%clk 01:18:24]} {[%emt 00:00:15]} 15. Rg3 {[%clk 01:16:19]} {[%emt 00:00:04]}
Qh1+ {[%clk 01:16:15]} {[%emt 00:02:37]} 16. Ke2 {[%clk 01:16:32]} {[%emt
00:00:20]} Qxa1 {[%clk 01:16:26]} {[%emt 00:00:17]} 17. g5 {[%clk 01:16:52]}
{[%emt 00:00:10]} h5 {[%clk 01:15:39]} {[%emt 00:01:17]} 18. g6 {[%clk
01:16:36]} {[%emt 00:00:47]} fxg6 {[%clk 01:12:47]} {[%emt 00:03:22]} 19. Rxg6
{[%clk 01:16:38]} {[%emt 00:00:27]} Rxf2# {[%clk 01:13:06]} {[%emt 00:00:11]}
0-1